Návrh implementácie moderných metód manažérstva kvality v procese vybavovania reklamácií pomocou metodiky Global 8D v organizácii Diplomat Dental, s.r.o. Piešťany

Saved in:
Bibliographic Details
Main Author: Urbanovská, Zuzana (Author)
Other Authors: Lestyánszka Škůrková, Katarína (Thesis advisor)
Format: Manuscript Book
Language:Slovak
Published: 2016
Subjects:
Online Access:http://is.stuba.sk/zp/portal_zp.pl?podrobnosti=129050
Tags: Add Tag
No Tags, Be the first to tag this record!

MARC

LEADER 00000ntm a22000003a 4500
001 stuzp57834
003 SK-STU
005 20160719155358.0
007 ta
008 150427s2015----xo-----f-mn---000-0-slo-d
040 |a STU  |b slo 
041 0 |a slo 
100 1 |a Urbanovská, Zuzana  |u 064000  |4 aut  |U MTF Materiálovotechnologická fakulta  |T MTF Ústav priemyselného inžinierstva a manažmentu  |X 71656  |U M4000  |Y 84  |7 71656 
242 0 1 |a Proposal for the implementation of modern methods of Quality Management in the process of the claim application using the 8D methodology Global in the organization Diplomat Dental, s.r.o. Piešťany  |y eng 
245 1 0 |a Návrh implementácie moderných metód manažérstva kvality v procese vybavovania reklamácií pomocou metodiky Global 8D v organizácii Diplomat Dental, s.r.o. Piešťany 
260 |c 2016 
650 4 |a reklamácia  |2 slo 
650 4 |a 8D Report  |2 slo 
650 4 |a kvalita  |2 slo 
650 4 |a nezhoda  |2 slo 
650 4 |a quality  |2 eng 
650 4 |a claim  |2 eng 
650 4 |a 8D Report  |2 eng 
650 4 |a disagreement  |2 eng 
700 1 |a Lestyánszka Škůrková, Katarína  |u 064000  |k Z1  |4 ths  |U MTF Materiálovotechnologická fakulta  |T MTF Ústav priemyselného inžinierstva a manažmentu  |X 61397  |U M4000  |Y 84  |7 61397 
856 4 |u http://is.stuba.sk/zp/portal_zp.pl?podrobnosti=129050 
996 |c M* BP-7754  |l MMSKP  |s P  |a 0  |w stuzp57834_0001 
SQL |a stuzp57834  |b DBP  |c SLO  |d Návrh implementácie moderných metód manažérstva kvality v procese vybavovania reklamácií pomocou metodiky Global 8D v organizácii Diplomat Dental, s.r.o. Piešťany  |e 71656  |f Urbanovská, Zuzana  |g 064000  |h 61397  |i Lestyánszka Škůrková, Katarína  |j 20160627  |k 171  |l 06  |m http://is.stuba.sk/zp/portal_zp.pl?podrobnosti=129050  |n B-KPR  |o 5.2.57. kvalita produkcie